00713nam a2200193Ia 4500100003100000650002000031250000600051942000700057366000700064654002000071245002900091260003300120082001700153300000800170546001200178999001700190952015600207952015600363 aEisberg/Robert/ Resnick/R  aQuantum Physics a2 cBK f20 aQuantum Physics aQuantum Physics of Atoms bWiley IndiaaNew Delhic1985 a539/EISbEIS a713 aENGLISH c35231d35231 001040708CRCaCRCEbCRCEd2023-03-17eProfessional Book House.g479.00i453 dt 09/02/2008l0o539/EIS EISp18346r2023-03-17v499.00w0000-00-00yBK 001040708CRCaCRCEbCRCEd2023-03-17eProfessional Book House.g479.00i453 dt 09/02/2008l0o539/EIS EISp18347r2023-03-17v499.00w0000-00-00yBK